| 000 | 00744nam a2200217Ia 4500 | ||
|---|---|---|---|
| 001 | 17072 | ||
| 003 | GE_BSU | ||
| 008 | 181216s||||||||xx |||||||||||||| ||und|| | ||
| 040 | _cGE_BSU | ||
| 080 | _a821.353.1-1 | ||
| 100 | _aაბაშიძე, ირაკლი (1909-1992) | ||
| 245 | _aთუ ხარ ნამდვილი: ასი ლექსი. | ||
| 245 | _bლექსები | ||
| 245 | _cრედ.ი.ქემერტელიძე | ||
| 260 | _aთბილისი | ||
| 260 | _bსაბჭ. საქართველო | ||
| 260 | _c1984 | ||
| 300 | _a230გვ. : პორტრ. 1ფ. ; 17სმ. | ||
| 653 | _aთუ ხარ ნამდვილი : ასი ლექსი. | ||
| 942 | _cBK | ||
| 999 |
_c50134 _d50134 |
||